Responses for show #8048 - Wednesday, September 11, 2019

Jason Zuffranieri game 9.

Contestants

Frank Augello, a biomedical engineer from Cedar Knolls, New Jersey

Carolyn Oliver, a poet and writer from Worcester, Massachusetts

Jason Zuffranieri, a math teacher from Albuquerque, New Mexico (whose 8-day cash winnings total $192,100)

Jeopardy! Round responses

A PRINCE OF A GUY
4-LETTER WORDS
HOBBIES & PASTIMES
NUMERIC LIT
THANK YOU
NEXT
    $200 20
dial

Jason
    $200 23
[NOTE: The correct title of the book is The Hundred and One Dalmatians.]

One Hundred and One Dalmatians

Jason
    $200 28
[The end-of-round signal sounds.]

Ariana Grande

Frank
    $200 27
Leno

Jason
    $400 24
the Netherlands

Jason
    $400 19
pace

Frank
    $400 21
(Carolyn: What is Jupiter?)

Saturn

JasonCarolyn
    $400 22
(Alex: Less than a minute now.)

Fifty Shades of Grey

Carolyn
    $400 25
Reagan

Jason
    $400 26
[NOTE: Alex supplied the parenthetical portion of the title but omitted "I".]

"(I Can't Get No) Satisfaction" ("Satisfaction" accepted)

Jason
    $600 18
Wales

Frank
    $600 9
data

Jason
    $600 16
skeet (or trap shooting)

Jason
    $5,400 10
(Jason: Let's wager all of it.)
(Alex: All of it?)
(Jason: Why not?)
(Alex: All right. Here's--if you want to emulate "Jeopardy James" you've got to do the push. [mimes pushing poker chips])
[Laughter]

Catch-22

Jason
    $600 17
Marie Kondo

Frank
    $600 15
[Alex reads "A.L." as "American League".]

the Red Sox

Jason
    $800 8
(Jason: Who are Nicholas & Alexandria?)

Nicholas & Alexandra

JasonFrank
    $800 3
(Alex: The [*]. My favorite bird.)

loon

Jason
    $800 6
blacksmithing

Triple Stumper
    $800 4
Shook the World

Jason
    $800 12
[Alex reads "Luke 17" as "Luke chapter 17".]

leprosy

Jason
    $800 14
(Pierce) Brosnan

Jason
    $1000 7
Bismarck

Jason
    $1000 2
(Frank: What is iron?)

zinc

JasonFrank
    $1000 5
[NOTE: The clip shown was from one of the contestant interviews for Season 28 2-time champion Sunny Stalter.]

geocaching

Jason
    $1000 1
The Sign of Four

Jason
    $1000 11
Thank You for Your Service

Triple Stumper
    $1000 13
(Carolyn: What is The Jury?)
(Alex: Be more specific.)
(Carolyn: What are--what is The Jurymaker?)

The Runaway Jury

JasonCarolyn

Scores at the first commercial break (after clue 15):

Jason Carolyn Frank
$14,000 -$1,000 -$200

Scores at the end of the Jeopardy! Round:

Jason Carolyn Frank
$16,800 -$1,000 $1,600

Double Jeopardy! Round responses

IT IS ROCKET SCIENCE
HOTELS
NAME-LETTER PEOPLE
CLASSICAL DANCE
PROVERBS & EXPRESSIONS
THAT PLACE USED TO BE CALLED...
    $400 11
Malcolm X

Jason
    $400 17
waltz

Jason
    $400 1
a stage

Carolyn
    $400 27
[The end-of-round signal sounds.]

Nashville

Jason
    $800 22
the Shuttle program

Jason
    $800 12
a tattoo artist

Frank
    $800 26
(Carolyn: What are [*] Dances?)

Folk

Carolyn
    $800 2
chin

Jason
    $800 25
Taiwan

Jason
    $1200 21
(Robert H.) Goddard

Carolyn
    $1200 23
[Alex reads "NYC" as "New York City".]
...
(Alex: Right. Less than a minute.)

the Plaza

Jason
    $1200 13
Jessie J

Jason
    $1200 24
[Alex reads "with "G"" as "with the letter "G"".]
...
(Jason: What is goyue? [pronounced as "joy"])

a gigue

Jason
Triple Stumper
    $1200 5
dead men

Jason
    $6,000 20
Stalingrad

Jason
    $1600 7
thrust

Jason
    $1600 9
(Alex: And if you're going to see Machu Picchu you'll wind up stopping in [*].)

Cusco

Triple Stumper
    $1600 4
(Alex: Yes, and you're out of the hole! You're on the plus side.)
(Carolyn: Delightful!)

Edelstein

Carolyn
    $3,000 14
(Alex: The first of the Daily Doubles, and you keep finding them just as "Jeopardy James" used to do--twenty-six thousand.)
(Jason: This is not like James used to do--three thousand.)
...
(Jason: What is petit four? ... I don't know. [chuckles])
(Alex: Petit four?)
(Jason: I don't know what that is--I'm sorry! [chuckles])
(Alex: That's something you eat.)
(Jason: Okay!)
[Laughter]

a minuet

Jason
    $1600 16
a liar

Carolyn
    $1600 19
Bohemia

Jason
    $2000 6
roll

Jason
    $2000 8
[Alex gives the correct response as "the George Cinq--George the Fifth".]

George V

Triple Stumper
    $2000 3
Regina

Jason
    $2000 10
the Cossacks

Triple Stumper
    $2000 15
your powder

Jason
    $2000 18
Ottawa

Triple Stumper

Scores at the end of the Double Jeopardy! Round:

Jason Carolyn Frank
$35,000 $4,600 $2,400
(lock game)

[wagering suggestions for these scores]

Final Jeopardy! Round responses

CHILDREN'S BOOKS
(Alex: [revealing Carolyn's response] Horatio got a howdy from you. Who's Horatio?)
(Carolyn: My son. He's eight.)
(Alex: Okay, good.)
FrankWhat is The Wonderful Wizard of Oz?
$2,395
CarolynWhat is Peter Pan? (Hi Horatio!)
$201
JasonWhat is The Wizard of Oz?
$6,143
The Wonderful Wizard of Oz

Final scores:

Jason Carolyn Frank
$41,143 $4,399 $4,795
9-day champion: $233,243 3rd place: $1,000 2nd place: $2,000

Game dynamics:

Coryat scores:

Jason Carolyn Frank
$28,400 $4,600 $2,400
35 R
(including 2 DDs),
3 W
(including 1 DD)
6 R,
2 W
6 R,
1 W

Combined Coryat: $35,400

The J! Archive is created by fans, for fans. The Jeopardy! game show and all elements thereof, including but not limited to copyright and trademark thereto, are the property of Jeopardy Productions, Inc. and are protected under law. This website is not affiliated with, sponsored by, or operated by Jeopardy Productions, Inc. Join the discussion at JBoard.tv.